農産物生産上位5か国 - 果物類 - Statistics

General Stats
  • This quiz has been taken 31 times
  • The average score is 14 of 19
Answer Stats
% Correct
アメリカ合衆国
100%
フィリピン
100%
中華人民共和国
96%
イタリア
96%
インド
92%
ブラジル
92%
フランス
92%
インドネシア
88%
スペイン
88%
ニュージーランド
73%
メキシコ
73%
トルコ
69%
アルゼンチン
69%
エクアドル
58%
ギリシャ
54%
イラン
54%
エジプト
50%
ポーランド
38%
コスタリカ
19%
No matching quizzes found
Score Distribution
Percent of People with Each Score
Percentile by Number Answered
Your Score History
You have not taken this quiz